000 00822cab a2200241 4500
001 WB3408-30
008 090401t1998 xxu||||| |||| 00| 0 eng d
035 _a(Sirsi) u84585
041 _aeng
245 _aFirm pulls out of Peak Park quarry
260 _c1998
350 _a0
490 _aIndependent
_v23 February 1998, 5(1)
520 _aRMC Roadstone is to cease extracting florspar and limestone from its quarry in the Peak District National Park after being refused permission to expand its quarrying activities. A restoration programme for the site by the company is under preparation.
650 _aBEAUTY SPOTS
650 _aLAND RECLAMATION
650 _aLIMESTONE
650 _aMINERAL EXTRACTION
650 _aQUARRYING
690 _aMINING AND MINERALS
942 _n0
948 _c27/02/1998
999 _c53167
_d53167